Comparative plant anatomy : A guide to taxanomic and evolutionary appication of anatomical data in agriosperms
Salvato in:
| Natura: | Libro |
|---|---|
| Lingua: | Undetermined |
| Pubblicazione: |
New York
Holt, Rinehart and Winston
1961
|
| Soggetti: | |
| Tags: |
Aggiungi Tag
Nessun Tag, puoi essere il primo ad aggiungerne! !
|
| Thư viện lưu trữ: | Trung tâm Học liệu Trường Đại học Cần Thơ |
|---|
| LEADER | 00539nam a2200169Ia 4500 | ||
|---|---|---|---|
| 001 | CTU_21558 | ||
| 008 | 210402s9999 xx 000 0 und d | ||
| 082 | |a 581.4 | ||
| 082 | |b C284 | ||
| 245 | 0 | |a Comparative plant anatomy : | |
| 245 | 2 | |b A guide to taxanomic and evolutionary appication of anatomical data in agriosperms | |
| 260 | |a New York | ||
| 260 | |b Holt, Rinehart and Winston | ||
| 260 | |c 1961 | ||
| 650 | |a Plant anatomy | ||
| 904 | |i Nguyễn Quang Điền, Qhieu | ||
| 980 | |a Trung tâm Học liệu Trường Đại học Cần Thơ | ||